| 000 | 01364nam a22003617a 4500 | ||
|---|---|---|---|
| 001 | 108 | ||
| 003 | FISKH | ||
| 005 | 20231211140913.0 | ||
| 008 | 230227b cb ||||| |||| 00| 0 eng d | ||
| 020 | _a0590488171 | ||
| 040 |
_aDLC _cDLC _beng _dFISKH |
||
| 042 |
_alcac _apcc |
||
| 050 | 0 | 0 |
_aPZ7.W6461 _bLi 2007 |
| 082 | 0 | 0 |
_a813.52 _223 |
| 100 | 1 |
_aWilder, Laura Ingalls, _d1867-1957. |
|
| 245 | 1 | 0 |
_aLittle house in the big woods / _cby Laura Ingalls Wilder ; illustrated by Garth Williams. |
| 250 | _a75th anniversary ed. | ||
| 260 |
_aNew York : _bSholastic _c1960 |
||
| 300 |
_a238 p. : _bill. ; _c26 cm. |
||
| 490 | 0 | _aLittle house | |
| 505 | _aQ | ||
| 520 | _aA year in the life of two young girls growing up on the Wisconsin frontier, as they help their mother with the daily chores, enjoy their father's stories and singing, and share special occasions when they get together with relatives or neighbors. | ||
| 521 | 8 |
_a930 _bLexile |
|
| 521 | 8 |
_aQ _bRaz-Plus |
|
| 600 | 1 | 0 |
_aWilder, Laura Ingalls, _d1867-1957 _vJuvenile fiction. |
| 600 | 1 | 1 |
_aWilder, Laura Ingalls, _d1867-1957 _vFiction. |
| 650 | 1 |
_aFrontier and pioneer life _zWisconsin _vFiction. |
|
| 650 | 1 |
_aFamily life _zWisconsin _vFiction. |
|
| 651 | 1 |
_aWisconsin _vFiction. |
|
| 700 | 1 |
_aWilliams, Garth, _eill. |
|
| 906 |
_a7 _bcbc _corigcop _d2 _encip _f20 _gy-gencatlg |
||
| 942 |
_2ddc _cBK _n0 |
||
| 999 |
_c108 _d108 |
||